| 000 | 01497nam a2200361 c 4500 | ||
|---|---|---|---|
| 999 |
_c130002 _d130002 |
||
| 003 | BLK | ||
| 005 | 20201008130052.0 | ||
| 008 | 180409b bul|||||r ||||||| ||bul|| | ||
| 010 | _aKNG00135747000 | ||
| 040 | _aBLK | ||
| 041 |
_aBUL _cBUL |
||
| 080 |
_aНравствено възпитание _b37.034 _z37.034 |
||
| 080 |
_aМорал и общество. Човешки отношения. Уважение. Независимост. Вж и 395 _b177 _z177 |
||
| 100 | 1 |
_aСмайлс, Самуил _eпърви автор _9121536 |
|
| 139 |
_aСмайлз, Семюъл _bС 46 |
||
| 245 | 1 | 0 |
_aСам си помагай _cСемюъл Смайлз; прев. Йоаким Груев. |
| 246 | 1 | 1 | _aSelfhelp |
| 257 | _aGBR | ||
| 260 |
_c1880 _fПловдив : бързотискна печ.и литогр. Янко С. Коваче _aПловдив |
||
| 300 |
_aVIII, 317 с. _c22 см |
||
| 380 | _a3 | ||
| 490 |
_9435080 _aКолекция Редки и ценни издания |
||
| 650 | 4 |
_aНравствено възпитание _9279487 |
|
| 650 | 4 |
_aМорал - философски проблеми _9252066 |
|
| 653 | _aнравствено възпитание | ||
| 653 | _aморал | ||
| 700 | 1 |
_aГруев, Йоаким _eпрев. _gПройчев, Йоаким Груев _9368359 |
|
| 852 |
_aРб 880 _bРц |
||
| 856 | 4 | _qpdf | |
| 856 | 4 | _qpdf | |
| 942 |
_cKNG _n0 _s1 |
||
| 944 |
_aCR _c01.11.2012 _lф / 01.11.2012 _kНаталия_Медовщикова |
||
| 944 |
_aED _c14.12.2016 _lф / 01.11.2012 |
||
| 999 | _d130002 | ||